000 00772cab a2200241 4500
001 ABS53432
008 090401t1995 xxu||||| |||| 00| 0 eng d
035 _a(Sirsi) u4140
041 _aeng
100 _aRandolph, B.
245 4 _aThe shared ownership market: a review of provision and prospects
260 _c1995
350 _a0
490 _aHousing Finance
_v(27) August 1995, 30-32(3)
520 _aA review article on the shared ownership sector. Discusses key issues and considers future developments. Includes statistics.
650 _aDIYSO
650 _aHOUSING ACT 1980
650 _aHOUSING ASSOCIATIONS
650 _aSHARED OWNERSHIP
690 _aPROPERTY-RESIDENTIAL PROPERTY-RESIDENTIAL PROPERTY MARKET
942 _n0
948 _c04/03/1997
999 _c2477
_d2477